Hipotecas divisibles e inscripción de boletos de compraventa. Análisis de la resolución conjunta 2/2025 y de las disposiciones técnico-registrales 10/2025, 11/2025 y 14/2025 del Registro de la Propiedad Inmueble de la Capital Federal • Iturbide, Gabriela A. • (Registro nro. 5515)
[ vista simple ]
| 000 -LEADER | |
|---|---|
| fixed length control field | 01601nab a22002657a 4500 |
| 003 - CONTROL NUMBER IDENTIFIER | |
| control field | OSt |
| 005 - DATE AND TIME OF LATEST TRANSACTION | |
| control field | 20251210152821.0 |
| 008 - FIXED-LENGTH DATA ELEMENTS--GENERAL INFORMATION | |
| fixed length control field | 190604e xxu||||| |||| 00| 0 spa d |
| 040 ## - CATALOGING SOURCE | |
| Transcribing agency | PJ |
| 100 ## - MAIN ENTRY--PERSONAL NAME | |
| 9 (RLIN) | 4799 |
| Personal name | Iturbide, Gabriela A. |
| 245 13 - TITLE STATEMENT | |
| Title | Hipotecas divisibles e inscripción de boletos de compraventa. Análisis de la resolución conjunta 2/2025 y de las disposiciones técnico-registrales 10/2025, 11/2025 y 14/2025 del Registro de la Propiedad Inmueble de la Capital Federal • Iturbide, Gabriela A. • |
| Statement of responsibility, etc | Gabriela Iturbide. |
| 260 ## - PUBLICATION, DISTRIBUTION, ETC. (IMPRINT) | |
| Place of publication, distribution, etc | Ciudad Autónoma de Buenos Aires : |
| Name of publisher, distributor, etc | Thomson Reuters La Ley, |
| Date of publication, distribution, etc | 2025. |
| 300 ## - PHYSICAL DESCRIPTION | |
| Extent | p. 16-25 |
| 500 ## - GENERAL NOTE | |
| General note | Cita Online: TR LALEY AR/DOC/2385/2025.<br/> |
| 505 ## - FORMATTED CONTENTS NOTE | |
| Formatted contents note | Sumario: I. Introducción.— II. La res. conjunta 2/2025.— III. La disposición técnico-registral 10/2025.— IV. La disposición técnico-registral 11 del Registro de la Propiedad Inmueble de la Capital Federal del 28 de julio de 2025.— V. La disposición técnico-registral 14/2025 del Registro de la Propiedad Inmueble de la Capital Federal.— VI. Nuestra opinión. |
| 505 ## - FORMATTED CONTENTS NOTE | |
| Title | ¿Te interesa el texto completo? Solicitalo al correo: koha@justierradelfuego.gov.ar |
| 650 #0 - SUBJECT ADDED ENTRY--TOPICAL TERM | |
| 9 (RLIN) | 1497 |
| Topical term or geographic name as entry element | CODIGO CIVIL Y COMERCIAL |
| 650 #0 - SUBJECT ADDED ENTRY--TOPICAL TERM | |
| 9 (RLIN) | 1821 |
| Topical term or geographic name as entry element | DERECHOS REALES |
| 650 #0 - SUBJECT ADDED ENTRY--TOPICAL TERM | |
| 9 (RLIN) | 2309 |
| Topical term or geographic name as entry element | PROPIEDAD HORIZONTAL |
| 650 #0 - SUBJECT ADDED ENTRY--TOPICAL TERM | |
| 9 (RLIN) | 1819 |
| Topical term or geographic name as entry element | HIPOTECA |
| 650 #0 - SUBJECT ADDED ENTRY--TOPICAL TERM | |
| 9 (RLIN) | 2274 |
| Topical term or geographic name as entry element | BIENES INMUEBLES |
| 650 #0 - SUBJECT ADDED ENTRY--TOPICAL TERM | |
| 9 (RLIN) | 6053 |
| Topical term or geographic name as entry element | ESCRITURA PUBLICA |
| 773 0# - HOST ITEM ENTRY | |
| Host Biblionumber | 2714 |
| Host Itemnumber | 3171 |
| Place, publisher, and date of publication | Ciudad Autónoma de Buenos Aires : Thomson Reuters La Ley, 2014- |
| Title | Revista anales de legislación argentina. Nº 10 - Octubre 2025. |
| 942 ## - ADDED ENTRY ELEMENTS (KOHA) | |
| Source of classification or shelving scheme | |
| Koha item type | Analítica Artículo de Revista |
No hay ítems disponibles.
